100 лет ЦСКА. Т. 2: Легенды армейского хоккея (Запись № 12594755)

Подробности
000 -МАРКЕР
контрольное поле 01414nam2a2200301 4500
001 - ИДЕНТИФИКАТОР ЗАПИСИ
контрольное поле RU\NLR\BIBL_A\022049936
005 - ИДЕНТИФИКАТОР ВЕРСИИ
контрольное поле 20231205125611.0
010 ## - МЕЖДУНАРОДНЫЙ СТАНДАРТНЫЙ НОМЕР КНИГИ (ISBN)
Номер (ISBN) 978-5-7164-1309-2
021 ## - НОМЕР ГОСУДАРСТВЕННОЙ РЕГИСТРАЦИИ
Код страны Российская Федерация
Номер КН-П-23-057976
Номер Листа государственной регистраци КН-П-23-5844
035 ## - ДРУГИЕ СИСТЕМНЫЕ НОМЕРА
Идентификатор записи (NLR Aleph) 022049936
100 ## - ДАННЫЕ ОБЩЕЙ ОБРАБОТКИ
Данные общей обработки 20231013d2023 u y0rusy50 ca
101 0# - ЯЗЫК РЕСУРСА
Язык текста, звукозаписи и т.д. русский
102 ## - СТРАНА ПУБЛИКАЦИИ ИЛИ ПРОИЗВОДСТВА
Страна публикации Российская Федерация
105 ## - ПОЛЕ КОДИРОВАННЫХ ДАННЫХ: ТЕКСТОВЫЕ МАТЕРИАЛЫ, МОНОГРАФИЧЕСКИЕ
Кодированные данные о монографическом текстовом документе ac z 000zy
200 1# - ЗАГЛАВИЕ И СВЕДЕНИЯ ОБ ОТВЕТСТВЕННОСТИ
Основное заглавие Легенды армейского хоккея
210 ## - ПУБЛИКАЦИЯ, РАСПРОСТРАНЕНИЕ И ДР.
Дата издания, распространения и т.д. 2023
215 ## - ФИЗИЧЕСКАЯ ХАРАКТЕРИСТИКА
Специфическое обозначение материала и объем 174, [1] с.
Другие сведения о физической характеристике цв. ил., портр.
300 ## - ОБЩИЕ ПРИМЕЧАНИЯ
Текст примечания Загл. кор.: 100 лет С
461 #0 - УРОВЕНЬ НАБОРА
Встроенное поле 001RU\NLR\BIBL_A\022048919
-- 2001#$a100 лет ЦСКА$eв 4 томах$fСеменюк Олег Владимирович$vТ. 2
-- 700#1$aСеменюк$bО. В.$gОлег Владимирович
Системный номер (АБИС) связанной записи 12591688
Автор Семенюк, О. В.
Место публикации Москва
Дата публикации 2023
Первые сведения об ответственности Семенюк Олег Владимирович
Имя издателя, распространителя и т.д. Золотой век
Сведения, относящиеся к заглавию в 4 томах
Заглавие 100 лет ЦСКА
Номер тома Т. 2
516 1# - ЗАГЛАВИЕ НА КОРЕШКЕ [ИЗДАНИЯ]
Заглавие на корешке 100 лет С
601 02 - НАИМЕНОВАНИЕ ОРГАНИЗАЦИИ КАК ПРЕДМЕТ
Начальный элемент ввода "ЦСКА", профессиональный хоккейный клуб
Идентифицирующий признак Москва, город
Системный номер авторитетной/нормативной записи 2308531
Идентификатор авторитетной/нормативной записи RU\NLR\AUTH\6601607619
601 02 - НАИМЕНОВАНИЕ ОРГАНИЗАЦИИ КАК ПРЕДМЕТ
Начальный элемент ввода "ЦСКА", хокейная команда
Идентифицирующий признак Москва, город
Системный номер авторитетной/нормативной записи 1899291
Идентификатор авторитетной/нормативной записи RU\NLR\AUTH\661154510
686 1# - ИНДЕКСЫ ДРУГИХ КЛАССИФИКАЦИЙ
Индекс Ч515.795.4(2-2М)7ЦСКА
942 ## - ДОПОЛНИТЕЛЬНЫЕ ЭЛЕМЕНТЫ ЗАПИСИ (АБИС)
Тип экземпляра АБИС Книга
980 ## - КОЛЛЕКЦИЯ
Название коллекции Национальная библиография
Экземпляры
Тип экземпляра Дата поступления Источник поступления Библиотека постоянного хранения Библиотека текущего хранения Место хранения Шифр хранения Штрих-код Статус экземпляра
Книга 13.10.2023 Обязательный экземпляр РНБ (Московский) РНБ (Московский) Русский книжный фонд: издания с 1957 года 2023-7/5640 1-4408631  
Книга 13.10.2023 Обязательный экземпляр РНБ (Московский) РНБ (Московский) Русский книжный фонд: издания с 1957 года 2023-7/5640 1-4408633